Industrial Japan : Invitation to expo'70 Osaka

Gardado en:
Detalles Bibliográficos
Formato: Libro
Idioma:Undetermined
Publicado: Tokyo 1970
Những chủ đề:
Các nhãn: Engadir etiqueta
Sen Etiquetas, Sexa o primeiro en etiquetar este rexistro!
Thư viện lưu trữ: Trung tâm Học liệu Trường Đại học Cần Thơ
LEADER 00428nam a2200169Ia 4500
001 CTU_98998
008 210402s9999 xx 000 0 und d
082 |a 338.0952 
082 |b I.42/No.18 
245 0 |a Industrial Japan : 
245 0 |b Invitation to expo'70 Osaka 
260 |a Tokyo 
260 |c 1970 
650 |a Industries 
650 |z Japan 
904 |i Truc 
980 |a Trung tâm Học liệu Trường Đại học Cần Thơ